| 000 | 01028nam a2200277 i 4500 | ||
|---|---|---|---|
| 001 | bg | ||
| 100 | 1 | _aRZĄSA, Stanisław | |
| 245 | 1 | 0 |
_aStruktura gleb mineralnych / _cStanisław Rząsa, Wojciech Owczarzak. |
| 260 |
_aPoznań : _bWydaw. Akademii Rolniczej im. Augusta Cieszkowskiego, _c2004. |
||
| 300 |
_a393, [1] s., [28] s. tabl. kolor., [2] k. tabl. : _bfot. kolor., mapy, rys., tab., wykr. ; _c24 cm. |
||
| 500 | _aStreszcz. ang. | ||
| 504 | _aBibliogr. s. 378-[394]. | ||
| 650 | 9 |
_aGleba _xbadanie _xmetody |
|
| 655 | _aPodręczniki akademickie | ||
| 700 | 1 | _aOWCZARZAK, Wojciech | |
| 015 | _aPB 18681/2004 | ||
| 020 | _a8371603347 | ||
| 040 | _cBPK | ||
| 041 | 0 |
_apol _beng |
|
| 080 | _a631.4(075.8) | ||
| 920 | _a83-7160-334-7 | ||
| 942 | _cKS | ||
| 008 | s pl f |000 0 pol | ||
| 856 |
_uhttp://koha.tu.koszalin.pl/cgi-bin/koha/opac-detail.pl?biblionumber=46289 _yKatalog online BPK |
||
| 999 |
_c46289 _d46289 |
||